Plan operacional y de mejoras para el centro de acopio de amemo en el cantón de Montes de Oca

Tallennettuna:
Bibliografiset tiedot
Päätekijä: Argüello Corrales, Fabián
Aineistotyyppi: Kirja
Kieli:Spanish
Julkaistu: San José, Costa Rica 2012
Aiheet:
Tagit: Lisää tagi
Ei tageja, Lisää ensimmäinen tagi!

MARC

LEADER 00000nam a22000007a 4500
003 010819
005 20221231143925.0
008 151029b2012 cr a|||| |||| 00| 0 spa d
040 |c cru CEDI 
090 |a TFG 6641 
100 |9 1872  |a Argüello Corrales, Fabián  
245 |a  Plan operacional y de mejoras para el centro de acopio de amemo en el cantón de Montes de Oca 
260 |a San José, Costa Rica  |c 2012 
500 |a Proyecto de graduación (licenciatura en ingeniería química)--Universidad de Costa Rica. Facultad de Ingeniería. Escuela de Ingeniería Química 
650 |x CENTRO DE ACOPIO DE AMEMO (MONTES DE OCA, SAN JOSE, COSTA RICA)  |x MONTES DE OCA (SAN JOSE, COSTA RICA)   |x RESIDUOS SOLIDOS - ASPECTOS LEGALES   |x RESIDUOS SOLIDOS - ADMINISTRACION  |x RESIDUOS URBANOS  |x SALUD OCUPACIONAL   |x SEGURIDAD OCUPACIONAL   |9 1873 
942 |c TFG 
999 |c 14309  |d 14309